| 000 | 01551nam a22002537a 4500 | ||
|---|---|---|---|
| 999 |
_c62651 _d62651 |
||
| 003 | Ge_BSU | ||
| 005 | 20250113124155.0 | ||
| 008 | 250113s2024 ge ||||| |||| 00| 0 geo d | ||
| 020 | _a97899414888962 | ||
| 041 | _ageo | ||
| 080 | _a576.3(075.8)+61 დ-72 | ||
| 100 |
_aდოლიძე, ქეთევან _9333 |
||
| 245 |
_aზოგადი ჰისტოლოგია: _bსახელმძღვ. უმაღლესი სასაწავლებლების სტუდენტებისათვის / _cქეთევან დოლიძე, რედ: რუსუდან ხუხუნაიშვილი, მარინა ნაგერვაძე. |
||
| 264 |
_aბათუმი: _bბათუმის შოთა რუსთაველის სახელმწიფო უნივერსიტეტი, _c2024. |
||
| 300 |
_a276 გვ.: _bილ; _c22 სმ. |
||
| 501 | _aგამოყენებული ტერმიონ.გვ: 258-274 | ||
| 653 | _aზოგადი ჰისტოლოგია | ||
| 653 | _aბიოლოგია | ||
| 653 | _aმედიცინა | ||
| 700 |
_aხუხუნაიშვილი, რუსუდან _eრედაქტორი _93241 |
||
| 700 |
_aნაგერვაძე, მარინა _eრედაქტორი _99939 |
||
| 710 |
_aბათუმის შოთა რუსთაველის სახელმწიფო უნივერსიტეტი _924045 |
||
| 942 |
_2udc _cBK |
||